| 000 | 00825nam a22002057a 4500 | ||
|---|---|---|---|
| 999 |
_c11926 _d11926 |
||
| 003 | AR-CdUCM | ||
| 008 | 190405b ||||| |||| 00| 0 spa d | ||
| 040 |
_aMUNICIPALIDAD PROVINCIAL DEL CUSCO _cBIBLIOTECA MUNICIPAL DEL CUSCO |
||
| 082 |
_aES / 370 / _bK97 |
||
| 245 |
_aKuskalla Proyecto de innovación pedagógica : _bProducción de textos escolares bilingües ( Quechua - Castellano ) / |
||
| 260 |
_aCusco : _bDanny´s Graff, _c2013. |
||
| 300 |
_a222 paginas ; _bilustraciones, graficos, dibujos, _c30 cm. |
||
| 500 | _aLibro en quechua y castellano | ||
| 505 | _aContenido: Willakuykuna -- cuentos y relatos -- yachaykuna -- saberes y conocimientos -- harawikuna... | ||
| 650 |
_aLiteratura _983 |
||
| 650 |
_aQuechua _92063 |
||
| 650 |
_aTexto educativo _925832 |
||
| 942 |
_2ddc _cLIBROS |
||
| 945 |
_apjha _d2019-04-05 |
||